| 000 | 00972nam a2200241 a 4500 | ||
|---|---|---|---|
| 001 | 83787 | ||
| 003 | BD-RjUL | ||
| 005 | 20240521102455.0 | ||
| 008 | 240521s1996 bg a|||| m||| 00| 0 eng d | ||
| 035 | _a(BD-RjUL)83787 | ||
| 040 |
_aBD-RjUL _beng _cBD-RjUL _dBD-RjUL |
||
| 041 | _aeng | ||
| 082 |
_223 _a595.76 _bKHD 1996 |
||
| 100 |
_aKhanom, Mst. Makhsuda _913091 |
||
| 245 | 1 | 0 |
_aDose-Moryality Studies on Extractions of Neem Plant (Azadirachta Indica) on the Red Flour Beetle Tribolium Castaneum (Herbst) / _cBy Mst. Makhsuda Khanom ; _6Sopervisor : M. Khalequzzaman |
| 260 |
_aRajshahi : _bInstitute of Biological Sciences, University of Rajshahi, _c1996 |
||
| 300 |
_aiii, 287 Leaves : _bill, ; _c29 cm. |
||
| 502 | _aThesis (Ph. D.) -- Institute of Biological Sciences, University of Rajshahi, 1996 | ||
| 504 | _aLiterature Cited : Leaves 157-171 | ||
| 650 |
_aArthropoda _vColeoptera _913092 |
||
| 700 |
_aKhalequzzaman, M., Sopervisor _913093 |
||
| 942 |
_2ddc _cTHE |
||
| 999 |
_c83787 _d83787 |
||